000
00298nam a2200133Ia 4500
008
150301s2015 xx 000 0 und d
082
_a
615.3
_b
O07C
100
_a
H.T. CLARKE
245
_a
HB OF ORGANCE ANALYSIS
260
_b
CBS- DELHI
300
_a
290
650
_a
CHEMISTRY
942
_2
ddc
_c
BK
999
_c
7092
_d
7092